000 00891nam a2200265Ia 4500
003 OSt
005 20220927115042.0
006 a|||||r|||| 00| 0
007 ta
008 220926b |||||||| |||| 00| 0 eng d
024 _a91996
037 _cThesis and Dissertations
040 _aRTL
_cRTL
_beng
041 _2eng
_aeng
082 _a"X9(F56)-655.2.N7, M0"
100 _aKumar Nagesh
_9374590
110 _aUniversity of Delhi. Deptt of Economics
_9390348
245 0 _aEvaluation of direct foreign investment in India
260 _aDelhi
_bUniversity of Delhi India
_c1980
300 _a"113p. Bib p. 106-13,Appendix p. 68-105"
_ccm.
650 _aPharmaceutical Industry
700 _aUniversity of Delhi. Deptt of Economics
_9390349
942 _h"X9(F56)-655.2.N7, M0"
_cCC
999 _c705616
_d705616